000 00620nam a2200241Ia 4500
003 OSt
005 20220918203937.0
006 a|||||r|||| 00| 0
007 ta
008 220917b |||||||| |||| 00| 0 eng d
024 _a110,428
037 _cTextual
040 _aARTS
_cARTS
_beng
041 _2eng
_aeng
082 _aV46:2:N5, J4;2
100 _aLinebarger P M A
_9110237
245 0 _aFar Eastren governments and politics
_b China and Japan
250 _a2nd
260 _c1954
650 _aHISTORY
942 _hV46:2:N5, J4;2
_cTEXL
_2CC
999 _c233778
_d233778